00433nam a2200169Ia 4500003000400000008004100004040001600045082001300061100003000074245005000104700001900154260003100173300001000204650001500214650001200229650002200241GCL140319s9999 xx 000 0 eng d aGCL / cGCL04a843bC S1 aCLARIN, LEOPOLDO ALAS DIT10aSON FILS UNIQUE / cCLARIN, LEOPOLDO ALAS DIT1 aBLETON, CLAUDE a[S.N] : bFAYARD ، c1990 a291 P04aLITERATURE04aFICTION04aFRENCH LITERATURE